000 00732nam a22002177a 4500
999 _c14571
_d14571
003 AR-CdUCM
008 190423b ||||| |||| 00| 0 spa d
020 _a978-958-766-681-6
040 _aMUNICIPALIDAD PROVINCIAL DEL CUSCO
_cBIBLIOTECA MUNICIPAL DEL CUSCO
041 _heng
082 _aEP / 376.1 /
_bP23
110 _aPanamericana
_932782
245 _aBichos increíbles :
_bconoce el misterioso mundo de estas maravillosas criaturas /
260 _aBogotá :
_bPanamericana,
_c2015.
300 _a8 páginas ;
_bIlustraciones,
_c26 cm.
650 _aLiteratura infantil
_9588
650 _aCuentos sobre bichos
_933397
700 _aMoure, Andrea (traducción)
_933398
942 _2ddc
_cLIBROS
945 _aacv
_d2019-04-23